Ein Konversationsbuch fűr Fortgeschrittene
Guardado en:
| Autores principales: | , , |
|---|---|
| Formato: | Libro |
| Lenguaje: | alemán |
| Publicado: |
Bratislava S.l.
VŠE ,t. [vyd.]
1991
|
| Edición: | 1. vyd. |
| Acceso en línea: | Ver en el OPAC |
| Etiquetas: |
Sin Etiquetas, Sea el primero en etiquetar este registro!
|
MARC
| LEADER | 00000nam a2200000 a 4500 | ||
|---|---|---|---|
| 005 | 20260127134106.0 | ||
| 008 | 170420s1991 xo 0 ger | ||
| 015 | |a SNBA1991/09 | ||
| 020 | |a 8022503002 |c 17 Kčs. (2000 výtl.) | ||
| 035 | |a vtls001065631 | ||
| 035 | |a SNK000008461 | ||
| 035 | |a urn:nbn:sk:snk-amlgnq | ||
| 035 | |a urn:nbn:sk:snk-am00bpt1 | ||
| 035 | |a C6BDEEA4-63F4-4E01-8980-D7ED46DFDD8C | ||
| 039 | 9 | |a 201704201524 |b VLOAD |c 201606061350 |d VLOAD |c 201601290946 |d VLOAD |c 201310031138 |d VLOAD |y 200412240146 |z VLOAD | |
| 040 | |a SNK |b slo |c SNK |d STUSCHK1 |e AACR2 | ||
| 041 | 0 | |a ger | |
| 044 | |a [CS] | ||
| 080 | |a 803.0(075.8) |2 1981 | ||
| 100 | 1 | |a Kanisová, Zdenka |9 382 | |
| 245 | 1 | |a Ein Konversationsbuch fűr Fortgeschrittene |c Zdenka Kanisová, Danuša Lišková, Manfred Richter | |
| 250 | |a 1. vyd. | ||
| 260 | |a Bratislava |b VŠE |a S.l. |b ,t. [vyd.] |c 1991 |e Bratislava |f Edičné stredisko VŠE | ||
| 300 | |a 219 s., 19,154 AH |c 29 cm | ||
| 500 | |a Lit. 16. Vysokoškolské skriptá. Nem.-slov. slovník. Rozmn. 16 zázn. v slov. a nem. | ||
| 700 | 1 | |a Lišková, Danuša |4 aut | |
| 700 | 1 | |a Richter, Manfred |4 aut |9 433 | |
| 919 | |a 80-225-0300-2 | ||
| 954 | |a nemčina |x konverzácia pre pokročilých |x učebnice VŠ | ||
| 958 | |a OND | ||
| 958 | |a RM | ||
| 958 | |a NB | ||
| 958 | |a UV | ||
| 999 | |c 3893 |d 3893 | ||